000 00518nam a2200181Ia 4500
005 20250508150204.0
008 008 250505s9999 xx 000 0 eng d
037 _aBooks to be hide in OPAC
040 _aFEDL
_beng
_cFEDL
041 _aeng
_2eng
084 _a370.954, KEA/O
_qFEDL
100 _aKeay F E
245 0 _aIndian education in ancient and later times
260 _aLondon, UK
_bOxford Press Ltd.
_c1942
300 _a204p.
942 _cHB
_h370.954, KEA/O
999 _c1322276
_d1322276